| 000 | 00517nam a2200217Ia 4500 | ||
|---|---|---|---|
| 001 | 7145 | ||
| 003 | 14411 | ||
| 005 | 20241206062720.0 | ||
| 008 | ||||||n9999 ||| || || | ||
| 041 | _aspa | ||
| 082 |
_220 _a352 |
||
| 110 | 2 |
_aOrganización de las Naciones Unidas _9548 |
|
| 245 | 0 | _aFormacion en administracion local | |
| 260 |
_aEstados Unidos : _bNAUNI, _c1968. |
||
| 300 | _a137p | ||
| 562 | _e1 | ||
| 650 | 0 |
_aAdministración local _94341 |
|
| 942 | _cBKM | ||
| 999 |
_c7145 _d7145 |
||
| 526 | _a51868 | ||
| 526 | _a1697 | ||